[Event "Uppsala Mote"]
[Site "Uppsala"]
[Date "2015.11.21"]
[Round "1.1"]
[White "Orell, Martin"]
[Black "Lokander, Martin"]
[Result "0-1"]
[WhiteElo "1877"]
[BlackElo "2358"]

1.d4 Nf6 2.c4 g6 3.Nc3 d5 4.cxd5 Nxd5 5.e4 Nxc3 6.bxc3 Bg7 7.Bc4 c5 8.Ne2 
Nc6 9.Be3 O-O 10.O-O Na5 11.Bd3 b6 12.dxc5 Qc7 13.cxb6 axb6 14.Bd4 e5 15.
Be3 Be6 16.Rb1 Nc4 17.Bxc4 Qxc4 18.Rxb6 Rfd8 19.Qc2 Rxa2 20.Rb2 Rxb2 21.
Qxb2 Qxe4 22.Qb6 Rc8 23.Rd1 h5 24.h3 Qc4 25.Rd8+ Kh7 26.Rxc8 Bxc8 27.Qb2 
Ba6 28.Ng3 h4 29.Nh1 e4 30.Bd4 Bh6 31.Qb8 Bg7 32.Bxg7 Kxg7 33.Qe5+ Kg8 34.
Qb8+ Qc8 35.Qxc8+ Bxc8 36.Kh2 f5 37.g3 g5 38.Kg2 Kf7 39.f4 gxf4 40.gxf4 e3
41.Kf1 Bb7 42.Nf2 exf2 43.Kxf2 Ke6 44.Ke3 Bg2 0-1

[Event "Uppsala Mote"]
[Site "Uppsala"]
[Date "2015.11.21"]
[Round "1.2"]
[White "Semcesen, Daniel"]
[Black "Cardenas, William"]
[Result "1-0"]
[WhiteElo "2436"]
[BlackElo "1891"]

1.d4 Nf6 2.c4 e6 3.Nc3 Bb4 4.Qc2 O-O 5.e4 d5 6.e5 Ne4 7.a3 Bxc3+ 8.bxc3 c5
9.Bd3 Nc6 10.Ne2 Qh4 11.O-O f5 12.Qa2 Rd8 13.g3 Qh5 14.Be3 Nxc3 15.Nxc3 
cxd4 16.cxd5 Nxe5 17.Be2 Nf3+ 18.Bxf3 Qxf3 19.Bxd4 exd5 20.Qe2 Qxe2 21.
Nxe2 Be6 22.Rfc1 Rac8 23.Nf4 Bf7 24.Bxa7 g5 25.Nd3 Rxc1+ 26.Rxc1 Ra8 27.
Bc5 b6 28.Bb4 Re8 29.Re1 Rxe1+ 30.Nxe1 Kg7 31.f3 Kf6 32.Bc3+ Ke6 33.Kf2 
Kd7 34.Ke3 Kc6 35.Kd4 h5 36.Nd3 h4 37.Ne5+ 1-0

[Event "Uppsala Mote"]
[Site "Uppsala"]
[Date "2015.11.21"]
[Round "1.3"]
[White "Livner, Anders"]
[Black "Sjogren, Christer"]
[Result "1-0"]
[WhiteElo "2322"]
[BlackElo "1877"]

1.e4 c5 2.Nf3 d6 3.d4 cxd4 4.Nxd4 Nf6 5.Nc3 Bd7 6.Be2 Nc6 7.Be3 Rc8 8.O-O 
Na5 9.h3 a6 10.Qd2 e6 11.b3 Qc7 12.Nd1 Nxe4 13.Qb4 d5 14.Qe1 e5 15.Nf3 Nc6
16.Bd3 Be7 17.Bxe4 dxe4 18.c4 exf3 19.gxf3 Bxh3 20.Nc3 O-O 21.Nd5 Qd7 22.
Nb6 Qf5 23.Nxc8 Qg6+ 1-0

[Event "Uppsala Mote"]
[Site "Uppsala"]
[Date "2015.11.21"]
[Round "1.4"]
[White "Lundberg, Bjorn"]
[Black "Jansson, Borje"]
[Result "0-1"]
[WhiteElo "1869"]
[BlackElo "2304"]

1.Nf3 Nf6 2.c4 e6 3.g3 b6 4.Bg2 Bb7 5.O-O c5 6.Nc3 Be7 7.Re1 O-O 8.e4 d6 
9.d4 cxd4 10.Nxd4 a6 11.e5 dxe5 12.Bxb7 exd4 13.Bxa8 dxc3 14.bxc3 Qc7 15.
Qa4 Nbd7 16.Bg2 Nc5 17.Qc2 Ncd7 18.Be3 Bc5 19.Bd4 e5 20.Bxc5 Qxc5 21.Rad1 
Qxc4 22.Bf1 Qc6 23.Qd3 b5 24.Qd6 Qxc3 25.Qxa6 b4 26.Rc1 Qf3 27.Bg2 Qf5 28.
h3 e4 29.Rc8 g6 30.Rxf8+ Kxf8 31.Qd6+ Kg7 32.Qxb4 Nc5 33.Qd4 h5 34.a4 Ne6 
35.Qe3 Ng5 0-1

[Event "Uppsala Mote"]
[Site "Uppsala"]
[Date "2015.11.21"]
[Round "1.5"]
[White "Rosberg, Simon"]
[Black "Min Seo, Jung"]
[Result "1-0"]
[WhiteElo "2283"]
[BlackElo "1868"]

1.e4 d5 2.Nc3 d4 3.Nb1 c5 4.Bc4 Nc6 5.d3 e5 6.Ne2 Bd6 7.O-O Nf6 8.a3 O-O 
9.f3 Qe7 10.Kh1 Be6 11.Nd2 Bxc4 12.Nxc4 Bc7 13.g4 b5 14.Nd2 g6 15.Ng3 Ne8 
16.a4 bxa4 17.Rxa4 Ng7 18.Nc4 Kh8 19.Bh6 Rg8 20.Bd2 Rab8 21.b3 Ne6 22.Qa1 
Nf4 23.Na5 Bxa5 24.Bxa5 Rb7 25.Rc4 Rb5 26.Bd2 Ne6 27.Qa6 Rb6 28.Qa3 Rgb8 
29.Ra1 Kg7 30.Ra4 R8b7 31.Ra6 Nc7 32.Rxb6 axb6 33.Qc1 Ne6 34.Bh6+ Kg8 35.
Ra8+ Rb8 36.Qa1 Qb7 37.Ra4 f6 38.Ne2 b5 39.Ra3 Nb4 40.Ra7 Qb6 41.Re7 Nc7 
42.Rg7+ Kh8 43.f4 Ra8 44.Qxa8+ Nxa8 45.Rf7 Qd8 46.Rf8+ Qxf8 47.Bxf8 Nxc2 
48.Bxc5 Ne1 49.fxe5 fxe5 50.Nc1 Nf3 51.Kg2 Ng5 52.Be7 Nf7 53.Bf6+ Kg8 54.
Ne2 Nb6 55.Ng1 Kf8 56.Nf3 Nd7 57.Bg5 Nc5 58.Bd2 Nxd3 59.h4 Nd6 60.Ng5 h6 
61.Ne6+ Ke7 62.Nc7 h5 63.g5 Nxe4 64.Ba5 Nec5 65.Nxb5 Nxb3 66.Bb6 Ke6 67.
Kf3 Nbc5 68.Nc7+ Kf5 69.Nd5 e4+ 70.Ke2 Ke6 71.Nf4+ Nxf4+ 72.Kf2 1-0

[Event "Uppsala Mote"]
[Site "Uppsala"]
[Date "2015.11.21"]
[Round "1.7"]
[White "Landgren, Philip"]
[Black "Yusupov, Ilman"]
[Result "1-0"]
[WhiteElo "2267"]
[BlackElo "1863"]

1.d4 d5 2.c4 dxc4 3.Nc3 e6 4.e3 Bb4 5.Bxc4 Bxc3+ 6.bxc3 Nf6 7.Nf3 Nc6 8.
Ba3 Ne4 9.Qc2 Nd6 10.Bd3 Nf5 11.O-O Qd7 12.Rad1 b6 13.e4 Nh6 14.Rfe1 Bb7 
15.d5 Ne7 16.Ne5 Qd8 17.Bb5+ Kf8 1-0

[Event "Uppsala Mote"]
[Site "Uppsala"]
[Date "2015.11.21"]
[Round "1.8"]
[White "Sorensen, Hampus"]
[Black "Malm Lindberg, Henrik"]
[Result "1/2-1/2"]
[WhiteElo "1855"]
[BlackElo "2244"]

1.e4 e5 2.Nf3 Nc6 3.Nc3 Bc5 4.Bc4 Nf6 5.h3 O-O 6.O-O d6 7.d3 h6 8.Be3 Nd4 
9.Nxd4 exd4 10.e5 dxe5 11.Bxh6 gxh6 12.Ne4 Nxe4 13.dxe4 Qg5 14.Qd3 Be6 15.
f3 Bxh3 16.Rf2 Be6 17.Raf1 Rad8 18.g4 b6 19.Rg2 Bxc4 20.Qxc4 d3+ 1/2-1/2

[Event "Novemberslaget"]
[Site "Uppsala"]
[Date "2015.11.21"]
[Round "1.9"]
[White "Carmegren, Christer"]
[Black "Carlsson, Gustav"]
[Result "0-1"]
[WhiteElo "1325"]
[BlackElo "1608"]

1.d4 Nf6 2.c4 e6 3.Nf3 b6 4.a3 Ba6 5.e3 d5 6.Qa4+ Qd7 7.Qxd7+ Nbxd7 8.cxd5
Bxf1 9.Kxf1 exd5 10.g3 Bd6 11.Kg2 c6 12.Nc3 a5 13.Bd2 O-O 14.Rac1 a4 15.
Rhe1 Rfe8 16.Rc2 h6 17.Na2 c5 18.Rcc1 Ne4 19.Nc3 Nxc3 20.Bxc3 c4 21.Nd2 f5
22.Nf3 b5 23.Ra1 g5 24.Red1 Rad8 25.Ba5 Rc8 26.Bc3 Kf7 27.Re1 Kg6 28.Red1 
Kf7 29.Re1 Ke6 30.Nd2 Nf6 31.Rac1 Kd7 32.Rcd1 Kc6 33.Rc1 Re6 34.Kf1 g4 35.
Ra1 h5 36.Kg2 Ree8 37.Rh1 h4 38.Rhe1 Rh8 39.Rh1 Rh7 40.Rae1 Rch8 41.Rc1 
Rh5 42.Rce1 Nh7 43.Rc1 Ng5 44.Rce1 Rf8 45.Rc1 Rh7 46.Rce1 h3+ 47.Kf1 Rb7 
48.Bb4 Bxb4 49.axb4 Ra7 50.Ra1 Ne4 51.Nxe4 fxe4 52.Ke2 Rfa8 53.Ra3 Kd6 54.
Rf1 Rc7 55.Rc1 Rf7 56.Rf1 Rc8 57.Rc3 Ra7 58.Ra1 Rf7 59.Rf1 Rcf8 60.Ra3 Rc8
61.Rc3 Rcc7 62.Ra1 Rc8 63.Rf1 0-1

[Event "Novemberslaget"]
[Site "Uppsala"]
[Date "2015.11.21"]
[Round "1.10"]
[White "Hedlund, Lars-Ake"]
[Black "Lundberg, Annika"]
[Result "1-0"]
[WhiteElo "1591"]
[BlackElo "1303"]

1.d4 Nf6 2.Bg5 h6 3.Bxf6 exf6 4.g3 d5 5.Bg2 Bf5 6.e3 Bb4+ 7.c3 Ba5 8.Nd2 
c6 9.Ne2 Nd7 10.O-O O-O 11.Rc1 b5 12.b3 Bb6 13.c4 bxc4 14.bxc4 Nb8 15.cxd5
cxd5 16.Nf4 Na6 17.Nxd5 Rc8 18.Rxc8 1-0

[Event "Uppsala Mote"]
[Site "Uppsala"]
[Date "2015.11.21"]
[Round "2.1"]
[White "Persson, Staffan"]
[Black "Semcesen, Daniel"]
[Result "0-1"]
[WhiteElo "2046"]
[BlackElo "2436"]

1.d4 d6 2.c4 f5 3.Nc3 Nf6 4.g3 g6 5.Bg2 Bg7 6.Bg5 O-O 7.Bxf6 Bxf6 8.e3 c6 
9.Nge2 e5 10.dxe5 dxe5 11.O-O Be6 12.b3 Na6 13.e4 Nc5 14.Qc2 a5 15.Rad1 
Qe8 16.a3 Bg7 17.b4 axb4 18.axb4 Na6 19.b5 Nc5 20.bxc6 bxc6 21.exf5 gxf5 
22.Qb2 e4 23.Qb6 Nd3 24.g4 fxg4 25.Bxe4 Ne5 26.Nd4 Bxc4 27.Rfe1 Qf7 28.Rd2
Kh8 29.Nd1 Ra6 30.Qc5 Bd5 31.Bxd5 cxd5 32.Ne3 Nc4 33.Nxc4 dxc4 34.Re7 Qf4 
35.Re3 Rd6 36.Qxc4 Rxd4 37.Qc2 Rxd2 38.Qxd2 Bd4 39.Re2 Qxd2 40.Rxd2 Rf4 
41.Kg2 h5 42.Kg3 Be5 43.Kg2 Kg7 44.h3 Kf6 45.hxg4 Rxg4+ 46.Kf3 Kf5 47.Rd8 
Rg6 48.Rd7 h4 49.Rh7 Bf6 50.Ke2 Rg1 51.Kf3 Kg6 52.Rb7 h3 0-1

[Event "Uppsala Mote"]
[Site "Uppsala"]
[Date "2015.11.21"]
[Round "2.2"]
[White "Lokander, Martin"]
[Black "Tuomainen, Felix"]
[Result "1-0"]
[WhiteElo "2358"]
[BlackElo "2026"]

1.d4 d5 2.c4 c6 3.Nf3 Nf6 4.e3 e6 5.Nbd2 Nbd7 6.Bd3 Bd6 7.O-O O-O 8.e4 
dxe4 9.Nxe4 Nxe4 10.Bxe4 Nf6 11.Bc2 c5 12.b3 cxd4 13.Qxd4 Qe7 14.Bb2 Rd8 
15.Qh4 h6 16.Ne5 Bxe5 17.Bxe5 Rd2 18.Be4 Re2 19.Bxf6 Qxf6 20.Qxf6 gxf6 21.
Bf3 Rd2 22.Rfd1 Rxd1+ 23.Rxd1 Kf8 24.Rd8+ Ke7 25.Rh8 f5 26.h4 Kf6 27.c5 
Kg7 28.Rd8 Kf6 29.c6 bxc6 30.Bxc6 Rb8 31.Bd7 Ke7 32.Rxc8 Rb7 33.Ba4 1-0

[Event "Uppsala Mote"]
[Site "Uppsala"]
[Date "2015.11.21"]
[Round "2.3"]
[White "Attefall, Fredrik"]
[Black "Livner, Anders"]
[Result "1-0"]
[WhiteElo "2013"]
[BlackElo "2322"]

1.c4 c5 2.Nc3 Nc6 3.g3 g6 4.Bg2 Bg7 5.e3 Bxc3 6.dxc3 d6 7.Ne2 Nf6 8.O-O 
Bf5 9.Nf4 Qd7 10.Qe2 g5 11.Nd5 Bh3 12.Bxh3 Qxh3 13.Nc7+ Kd7 14.Nxa8 g4 15.
f4 Rxa8 16.e4 Qh5 17.Bd2 Kc7 18.b4 b6 19.b5 Na5 20.e5 Ne8 21.exd6+ Kxd6 
22.f5 Nf6 23.Bf4+ Kd7 24.Rad1+ Ke8 25.Rfe1 Ng8 26.Qe4 Rc8 27.Bd6 Qg5 28.
Rd5 Kf8 29.f6 Qxf6 30.Be5 Qg6 31.Qf4 h5 32.Rd7 Re8 33.Rxa7 Nh6 34.Rf1 Kg8 
35.Bc7 Rc8 36.Be5 Re8 37.Rd7 Qe6 38.Qg5+ Qg6 39.Qxg6+ fxg6 40.Bc7 Nxc4 41.
Rf4 Na3 42.c4 Nf7 43.Bxb6 Ne5 44.Rd5 Nexc4 45.Bxc5 Rf8 46.Rxf8+ Kxf8 47.
Bxa3 Nxa3 48.b6 1-0

[Event "Uppsala Mote"]
[Site "Uppsala"]
[Date "2015.11.21"]
[Round "2.4"]
[White "Jansson, Borje"]
[Black "Darnell, Anton"]
[Result "1-0"]
[WhiteElo "2304"]
[BlackElo "2003"]

1.Nf3 Nf6 2.c4 e6 3.g3 d5 4.Bg2 Be7 5.O-O O-O 6.b3 c5 7.e3 b6 8.Bb2 Bb7 9.
Qe2 Nc6 10.cxd5 exd5 11.d4 Nb4 12.Nc3 Ne4 13.Rfd1 Ba6 14.Nb5 Qd7 15.a4 Bf6
16.Ne5 Qe7 17.Ng4 h5 18.Nxf6+ Nxf6 19.dxc5 bxc5 20.Bxf6 Qxf6 21.Qxh5 Bxb5 
22.axb5 Rfd8 23.Rac1 Qb2 24.Rxc5 Qxb3 25.Rc7 g6 26.Qf3 f5 27.h4 Nd3 28.Qe2
Ne5 29.Rc5 Rac8 30.Bxd5+ Rxd5 31.Rcxd5 1-0

[Event "Uppsala Mote"]
[Site "Uppsala"]
[Date "2015.11.21"]
[Round "2.5"]
[White "Svorono, Gabriel"]
[Black "Rosberg, Simon"]
[Result "1/2-1/2"]
[WhiteElo "2010"]
[BlackElo "2283"]

1.e4 c5 2.Nf3 e6 3.d4 cxd4 4.Nxd4 Nc6 5.Nc3 Qc7 6.Be3 Nf6 7.Bd3 a6 8.O-O 
Nxd4 9.Bxd4 Bc5 10.Bxc5 Qxc5 11.Qe2 d6 1/2-1/2

[Event "Uppsala Mote"]
[Site "Uppsala"]
[Date "2015.11.21"]
[Round "2.6"]
[White "Malmstig, Erik"]
[Black "Ekelund, Kurt"]
[Result "0-1"]
[WhiteElo "2278"]
[BlackElo "1947"]

1.d4 Nf6 2.Nf3 g6 3.g3 Bg7 4.Bg2 O-O 5.c4 d6 6.O-O Nc6 7.Nc3 a6 8.h3 Rb8 
9.Re1 b5 10.a3 bxc4 11.Qa4 Bd7 12.Qxc4 Na5 13.Qxa6 Nb3 14.Rb1 Nxc1 15.
Rexc1 Bf5 16.Ra1 Rxb2 17.Qc4 Ne4 18.g4 Be6 19.Qd3 Nxc3 20.Qxc3 Rxe2 21.Kf1
Ra2 22.Rxa2 Bxa2 23.Qxc7 Qa8 24.Qxe7 Bd5 25.Qe3 Re8 26.Qc3 Bxd4 27.Nxd4 
Bxg2+ 28.Kg1 Bb7 29.Qg3 Qa5 30.Rd1 Re1+ 0-1

[Event "Uppsala Mote"]
[Site "Uppsala"]
[Date "2015.11.21"]
[Round "2.7"]
[White "Marklund, Gunnar"]
[Black "Landgren, Philip"]
[Result "0-1"]
[WhiteElo "1985"]
[BlackElo "2267"]

1.e4 e6 2.d4 d5 3.Nc3 Bb4 4.Bd3 dxe4 5.Bxe4 Nf6 6.Bf3 O-O 7.Ne2 e5 8.dxe5 
Qxd1+ 9.Kxd1 Ng4 10.Bxg4 Bxg4 11.f3 Bf5 12.Bd2 Nc6 13.a3 Ba5 14.b4 Bb6 15.
f4 Rad8 16.Kc1 Nd4 17.Nxd4 Bxd4 18.Rb1 Rfe8 19.Ne2 f6 20.Ng3 Bg4 21.h3 Bd7
22.c3 Bb6 23.exf6 Bf2 24.Nf1 Ba4 25.g4 gxf6 26.Rh2 Re2 27.f5 Kf7 28.b5 c6 
29.bxc6 Bxc6 30.Rb4 b6 31.Rc4 Rd6 32.Rd4 Bxd4 33.Rxe2 Be5 34.Kc2 Bb5 35.
Rf2 Ba4+ 36.Kc1 Rd3 37.Ne3 Bc6 38.Nc4 Bc7 39.Nb2 Rxh3 40.Bf4 Bxf4+ 41.Rxf4
Rxc3+ 42.Kd2 Rc5 43.Nc4 Bd5 44.Kc3 Ke7 45.Kd3 Rxc4 46.Rxc4 Bxc4+ 47.Kxc4 
Kd6 48.Kd4 a6 49.a4 b5 50.a5 h6 51.Ke4 Kc5 52.Kf4 b4 53.Ke4 Kc4 54.Kf4 b3 
55.g5 hxg5+ 56.Ke4 b2 0-1

[Event "Uppsala Mote"]
[Site "Uppsala"]
[Date "2015.11.21"]
[Round "2.8"]
[White "Lingvall, John"]
[Black "Logdahl, Harald"]
[Result "0-1"]
[WhiteElo "1954"]
[BlackElo "2233"]

1.d4 d5 2.c4 Nc6 3.Nf3 Bg4 4.e3 e5 5.Be2 exd4 6.Nxd4 Bxe2 7.Qxe2 Bb4+ 8.
Bd2 Bxd2+ 9.Nxd2 Nxd4 10.exd4+ Ne7 11.c5 O-O 12.O-O c6 13.Qd3 Ng6 14.f4 f6
15.f5 Nh8 16.Rae1 Nf7 17.h4 b6 18.Nb3 Qd7 19.Re6 Rae8 20.Rfe1 Nd8 21.R6e2 
Rxe2 22.Rxe2 Re8 23.a4 Kf7 24.Rxe8 Qxe8 25.Kf2 Qd7 26.a5 b5 27.Nc1 a6 28.
Ne2 g6 29.g4 Qc7 30.Qg3 Qxg3+ 31.Kxg3 b4 32.Nf4 Nb7 33.Nd3 b3 34.Nb4 Nxa5 
35.Nxa6 gxf5 36.gxf5 Nc4 37.Nb4 Nxb2 38.Nxc6 Nc4 39.Nb4 b2 40.c6 b1=Q 41.
c7 Nd6 42.Nxd5 Qxf5 43.Nb6 Qd3+ 44.Kg2 Qc2+ 45.Kg3 Qb3+ 46.Kf4 Qxb6 47.Kg4
Qxd4+ 48.Kh5 f5 49.Kg5 h6+ 50.Kh5 Kf6 51.c8=Q Nxc8 0-1

[Event "Novemberslaget"]
[Site "Uppsala"]
[Date "2015.11.21"]
[Round "2.9"]
[White "Carlsson, Gustav"]
[Black "Mitra, Akash"]
[Result "1/2-1/2"]
[WhiteElo "1608"]
[BlackElo "1396"]

1.e4 e6 2.Nf3 c5 3.d4 cxd4 4.Nxd4 Nc6 5.Be3 Nf6 6.Bg5 e5 7.Nf3 Bb4+ 8.c3 
Bc5 9.Nbd2 Qb6 10.Nc4 Qc7 11.Bxf6 gxf6 12.Bd3 d6 13.Qc2 Rg8 14.Rg1 b5 15.
Ne3 Bxe3 16.fxe3 Qb6 17.Qe2 a6 18.O-O-O Be6 19.b3 Qa5 20.Kb2 Ke7 21.Qc2 
Rgc8 22.Nh4 Nb4 23.Qb1 Nxd3+ 24.Rxd3 Rc7 25.Rc1 Rac8 26.Nf5+ Bxf5 27.exf5 
b4 28.c4 Qa3+ 29.Kc2 Rc5 30.Qb2 Qxb2+ 31.Kxb2 d5 32.Rxd5 Rxd5 33.cxd5 Rxc1
34.Kxc1 e4 35.Kb2 Kd6 36.a3 a5 37.axb4 axb4 38.Kc2 Kxd5 39.g4 Ke5 40.Kd2 
h5 41.h4 hxg4 42.h5 Kxf5 43.h6 Ke5 1/2-1/2

[Event "Novemberslaget"]
[Site "Uppsala"]
[Date "2015.11.21"]
[Round "2.10"]
[White "Schutt, Leif"]
[Black "Hedlund, Lars-Ake"]
[Result "1/2-1/2"]
[WhiteElo "1363"]
[BlackElo "1591"]

1.d4 Nf6 2.c4 e6 3.Nf3 Bb4+ 4.Nbd2 b6 5.g3 Bb7 6.Bg2 O-O 7.O-O Bxd2 8.Qxd2
Ne4 9.Qc2 f5 10.Ne5 d6 11.Nd3 Nd7 12.f3 Nef6 13.Bg5 h6 14.Be3 Qe7 15.Qd2 
Rae8 16.Rae1 e5 17.dxe5 dxe5 18.Bf2 e4 19.fxe4 Nxe4 20.Qd1 Ba6 21.c5 Bxd3 
22.exd3 Ndxc5 23.dxe4 Nxe4 24.Bxe4 fxe4 25.Qd5+ Kh8 26.Re3 c5 27.Qd2 Rd8 
28.Qe2 Rd4 29.Kg2 Qd8 1/2-1/2

[Event "Uppsala Mote"]
[Site "Uppsala"]
[Date "2015.11.21"]
[Round "3.1"]
[White "Semcesen, Daniel"]
[Black "Johansson, Gunnar"]
[Result "1-0"]
[WhiteElo "2436"]
[BlackElo "2206"]

1.d4 d5 2.c4 c6 3.Nf3 Nf6 4.Qc2 g6 5.Nc3 dxc4 6.a4 Bg7 7.e4 O-O 8.Bxc4 Bg4
9.Be3 Bxf3 10.gxf3 Nbd7 11.f4 Qc7 12.O-O Rad8 13.Rad1 Kh8 14.Kh1 a6 15.Be2
Qa5 16.Qb3 b5 17.axb5 axb5 18.Bf3 e6 19.Rc1 Rb8 20.Na2 Rfc8 21.Nb4 Qb6 22.
Nd3 Qb7 23.Rc2 Ra8 24.Rfc1 h5 25.h3 Bf8 26.f5 gxf5 27.exf5 Nd5 28.Ne5 Nxe5
29.dxe5 exf5 1-0

[Event "Uppsala Mote"]
[Site "Uppsala"]
[Date "2015.11.21"]
[Round "3.2"]
[White "Johansson, Carl Fredrik"]
[Black "Lokander, Martin"]
[Result "1-0"]
[WhiteElo "2167"]
[BlackElo "2358"]

1.d4 Nf6 2.c4 g6 3.Nc3 d5 4.Nf3 Bg7 5.Bg5 Ne4 6.cxd5 Nxg5 7.Nxg5 e6 8.Qa4+
c6 9.dxc6 Nxc6 10.Nf3 Bd7 11.Qd1 Qb6 12.Qd2 Nxd4 13.O-O-O O-O-O 14.Nxd4 
Bc6 15.e3 e5 16.Nxc6 Rxd2 17.Ne7+ Kb8 18.Rxd2 e4 19.Ned5 Qc5 20.Be2 Rd8 
21.Rhd1 a6 22.Kb1 f5 23.Nf4 Rxd2 24.Rxd2 Bxc3 25.bxc3 Qxc3 26.Rd1 a5 27.
Nd5 Qc5 28.a4 Ka7 29.Bb5 g5 30.Kb2 h5 31.Nc3 f4 32.Rd5 Qe7 33.Rd4 fxe3 34.
fxe3 Qe5 35.g3 h4 36.Rxe4 Qf6 37.gxh4 gxh4 38.Rf4 Qg5 39.Kb3 h3 40.Bf1 
Qg8+ 41.Kb2 Qg1 42.Nb5+ Kb6 43.Rf6+ Kc5 44.Rf5+ Kb6 45.Rf6+ Kc5 46.Rf5+ 
Kc6 47.Nd4+ Kd6 48.Rf6+ Ke7 49.Re6+ Kf7 50.Bc4 Qxh2+ 51.Kb3 Kf8 52.Nf5 b5 
53.Rf6+ Ke8 54.Bxb5+ Kd8 55.Rf7 Qg2 56.Rd7+ Kc8 57.Ne7+ Kb8 58.Bc6 Qg3 59.
Rb7+ Ka8 60.Rc7+ Kb8 61.Rc8+ Ka7 62.Nd5 Qb8+ 63.Rxb8 Kxb8 64.Nf4 1-0

[Event "Uppsala Mote"]
[Site "Uppsala"]
[Date "2015.11.21"]
[Round "3.3"]
[White "Eriksson, Kristian"]
[Black "Jansson, Borje"]
[Result "1-0"]
[WhiteElo "2099"]
[BlackElo "2304"]

1.e4 d5 2.exd5 Qxd5 3.Nc3 Qa5 4.d4 Nf6 5.Nf3 Bf5 6.Bc4 e6 7.Bd2 c6 8.Bb3 
Qc7 9.Qe2 Be7 10.Ne5 Nbd7 11.O-O-O O-O 12.g4 Bg6 13.h4 c5 14.h5 cxd4 15.
Nxd7 dxc3 16.Nxf6+ Bxf6 17.bxc3 a5 18.a4 b5 19.hxg6 hxg6 20.Qf3 Rfc8 21.
Bf4 Qxc3 22.Qxc3 Bxc3 23.axb5 a4 24.Ba2 Ra5 25.b6 Rb5 26.Bc7 Rb2 27.Rh3 
Bf6 28.g5 1-0

[Event "Uppsala Mote"]
[Site "Uppsala"]
[Date "2015.11.21"]
[Round "3.5"]
[White "Logdahl, Harald"]
[Black "Attefall, Fredrik"]
[Result "1/2-1/2"]
[WhiteElo "2233"]
[BlackElo "2013"]

1.e4 e5 2.Nc3 Bc5 3.Bc4 d6 4.d3 Ne7 5.Na4 Bb6 6.Nxb6 axb6 7.f4 exf4 8.Bxf4
Ng6 9.Bg3 O-O 10.Nf3 Be6 11.Bxe6 fxe6 12.O-O Nc6 13.d4 Qe7 14.c3 e5 15.d5 
Nd8 16.a4 Nf7 17.Qd2 h6 18.b4 Qd7 19.Qc2 Qg4 20.Qe2 Ng5 21.Rae1 Rxa4 22.
Qc2 Raa8 23.Nxg5 hxg5 24.Rxf8+ Rxf8 25.c4 Nf4 26.c5 bxc5 27.bxc5 dxc5 28.
Bxf4 Qxf4 29.Qxc5 b6 30.Qe3 Qxe3+ 31.Rxe3 Kf7 32.Rc3 Rc8 33.Kf2 Ke7 34.Ke3
Kd7 35.Rc6 b5 36.Rg6 c5 37.Rxg7+ Kd6 38.Rg6+ Kd7 39.Rxg5 c4 40.Kd2 b4 41.
Rg7+ Kd6 42.Rg6+ Kc5 43.Rc6+ Rxc6 44.dxc6 Kxc6 45.h4 Kd6 46.g4 Ke6 47.g5 
Kf7 48.h5 1/2-1/2

[Event "Uppsala Mote"]
[Site "Uppsala"]
[Date "2015.11.21"]
[Round "3.6"]
[White "Ekelund, Kurt"]
[Black "Rosberg, Simon"]
[Result "0-1"]
[WhiteElo "1947"]
[BlackElo "2283"]

1.e4 c5 2.Nf3 e6 3.d4 cxd4 4.Nxd4 Nc6 5.Be2 Nf6 6.Nc3 Qc7 7.Be3 a6 8.O-O 
Be7 9.Kh1 O-O 10.f4 d6 11.Qe1 Nxd4 12.Bxd4 b5 13.a3 Bb7 14.Qg3 Bc6 15.Rae1
Qb7 16.e5 dxe5 17.fxe5 Ne4 18.Nxe4 Bxe4 19.Bf3 Bxf3 20.Rxf3 Rac8 21.c3 a5 
22.Ref1 Bc5 23.h4 Bxd4 24.cxd4 Rc4 25.Qg4 Qd5 26.Rf4 Rc2 27.b4 axb4 28.
axb4 Rb2 29.h5 Rxb4 30.h6 g6 31.Qg5 Rb2 32.R4f2 Rxf2 33.Rxf2 Qd8 34.Qf4 
Qe7 35.Rb2 Rb8 36.d5 exd5 37.e6 Rf8 38.Rxb5 fxe6 39.Rb8 Rxb8 40.Qxb8+ Qf8 
41.Qe5 Qxh6+ 42.Kg1 Qc1+ 43.Kh2 Qh6+ 44.Kg1 Qc1+ 45.Kh2 Qc8 0-1

[Event "Uppsala Mote"]
[Site "Uppsala"]
[Date "2015.11.21"]
[Round "3.7"]
[White "Lundback, Anders"]
[Black "Malm Lindberg, Henrik"]
[Result "0-1"]
[WhiteElo "1939"]
[BlackElo "2244"]

1.d4 Nf6 2.c4 e6 3.Nc3 Bb4 4.Qc2 c5 5.dxc5 Bxc5 6.Nf3 Qb6 7.e3 Qc7 8.Be2 
b6 9.O-O Bb7 10.b3 a6 11.Bb2 Be7 12.Rad1 d6 13.Rd2 Nbd7 14.Rfd1 O-O 15.Nd4
Rfc8 16.Bf3 Bxf3 17.Nxf3 b5 18.cxb5 axb5 19.Qb1 Qb7 20.Nd4 b4 21.Nce2 Qe4 
22.Qxe4 Nxe4 23.Rd3 Ndc5 24.f3 Nxd3 25.Rxd3 Rxa2 26.fxe4 Rxb2 27.Kf1 Bf6 
28.Nb5 Rcc2 0-1

[Event "Uppsala Mote"]
[Site "Uppsala"]
[Date "2015.11.21"]
[Round "3.8"]
[White "Thornblad, Erik"]
[Black "Svorono, Gabriel"]
[Result "0-1"]
[WhiteElo "2013"]
[BlackElo "2010"]

1.e4 c5 2.Nf3 e6 3.d3 Nc6 4.g3 Nf6 5.Bg2 Be7 6.O-O d6 7.Re1 O-O 8.c3 Rb8 
9.d4 cxd4 10.cxd4 e5 11.d5 Na5 12.b3 b5 13.Nc3 Ne8 14.Be3 a6 15.Rc1 f5 16.
exf5 Bxf5 17.Nd2 Nf6 18.Nde4 Ng4 19.Qd2 Nxe3 20.Qxe3 Qd7 21.Nd1 Bd8 22.Qd2
Bb6 23.Ne3 Bg6 24.h4 Nb7 25.b4 Nd8 26.a3 Nf7 27.Rc6 Bxe4 28.Bxe4 Nh6 29.
Rec1 Ng4 30.Nxg4 Qxg4 31.Rxb6 Rxb6 32.Bg2 Rb7 33.Rc6 Rbf7 34.Rxd6 Qd4 35.
Qxd4 exd4 36.f3 d3 37.Kf2 Re7 38.Re6 Rfe8 39.Bh3 Kf7 40.Ke3 Rd8 41.Rxe7+ 
Kxe7 42.Be6 Rc8 43.Kxd3 Rc1 44.Bc8 Rxc8 0-1

[Event "Uppsala Mote"]
[Site "Uppsala"]
[Date "2015.11.21"]
[Round "4.1"]
[White "Johansson, Carl Fredrik"]
[Black "Semcesen, Daniel"]
[Result "0-1"]
[WhiteElo "2167"]
[BlackElo "2436"]

1.d4 d6 2.Nf3 f5 3.g3 Nf6 4.Bg2 g6 5.c3 Bg7 6.Qb3 Nc6 7.O-O e5 8.dxe5 dxe5
9.Ng5 Qe7 10.Be3 Ng4 11.h4 Nxe3 12.fxe3 h6 13.Nh3 Nd8 14.e4 Be6 15.Qa4+ c6
16.exf5 gxf5 17.Nd2 O-O 18.Nf3 Nf7 19.e4 Nd6 20.exf5 Nxf5 21.Rfe1 Nxg3 22.
Nxe5 Bxh3 23.Bxh3 Bxe5 24.Qg4+ Kh8 25.Qxg3 Rg8 26.Bg4 Bxg3 0-1

[Event "Uppsala Mote"]
[Site "Uppsala"]
[Date "2015.11.21"]
[Round "4.2"]
[White "Eriksson, Kristian"]
[Black "Landgren, Philip"]
[Result "0-1"]
[WhiteElo "2099"]
[BlackElo "2267"]

1.e4 e6 2.d4 d5 3.Nc3 Bb4 4.e5 Ne7 5.Bd2 b6 6.Nf3 Bxc3 7.Bxc3 Ba6 8.Bxa6 
Nxa6 9.Qd3 Nb8 10.O-O h6 11.Rfe1 c5 12.Bd2 Nbc6 13.c3 Rc8 14.Be3 c4 15.Qe2
Nf5 16.Nd2 Qe7 17.b3 Na5 18.b4 Nc6 19.a3 O-O 20.h3 f6 21.b5 Nxe3 22.Qxe3 
Nd8 23.Nf3 f5 24.a4 Nb7 25.Kh2 Rc7 26.Ng1 f4 27.Qf3 Qg5 28.Qg4 Qf5 29.Nf3 
Na5 30.Ra2 Nb3 31.Qxf5 Rxf5 32.Rb1 g5 33.Nd2 Na5 34.Kg1 Rg7 35.f3 h5 36.
Kf2 g4 37.hxg4 hxg4 38.Rh1 Rfg5 39.fxg4 Rxg4 40.Rh2 Rg3 41.Nf3 Nb3 42.Rb2 
Nc1 43.Kf1 Rh7 44.Rxh7 Kxh7 45.Rc2 Nb3 46.Kf2 Kg6 47.Ng1 Kf5 48.Nf3 Ke4 
49.Ne1 Re3 50.Re2 Rxe2+ 51.Kxe2 Nxd4+ 52.cxd4 Kxd4 53.Nf3+ Ke4 54.Kd2 d4 
55.Kc2 Ke3 56.Nd2 c3 57.Nf3 Ke4 58.Ng5+ Kxe5 59.Kd3 Kd5 60.Kc2 e5 61.Kd3 
e4+ 62.Kc2 Ke5 63.Nf7+ Ke6 64.Nd8+ Kd5 65.Nc6 f3 66.gxf3 exf3 67.Kd3 Kc5 
68.Ne5 f2 69.Ke2 Kb4 70.Nd3+ Kxa4 71.Nxf2 Kxb5 72.Kd3 Kc5 73.Ne4+ Kb4 74.
Kxd4 c2 75.Nc3 Kb3 0-1

[Event "Uppsala Mote"]
[Site "Uppsala"]
[Date "2015.11.21"]
[Round "4.3"]
[White "Rosberg, Simon"]
[Black "Logdahl, Harald"]
[Result "1-0"]
[WhiteElo "2283"]
[BlackElo "2233"]

1.Nf3 g6 2.e4 Bg7 3.d4 d6 4.Bc4 c6 5.Bb3 d5 6.e5 Bg4 7.Nbd2 e6 8.h3 Bxf3 
9.Nxf3 c5 10.dxc5 Nc6 11.O-O Nge7 12.Re1 O-O 13.Bd2 Qc7 14.Qe2 Rac8 15.Ba4
Na5 16.Bb4 Nec6 17.a3 Rfd8 18.Bxa5 Nxa5 19.b4 Nc4 20.Bb5 h6 21.c3 g5 22.a4
a5 23.Rad1 Na3 24.Nd4 b6 25.Nc6 bxc5 26.Nxd8 Rxd8 27.bxa5 Qxa5 28.Qb2 Nxb5
29.axb5 Qc7 30.b6 Qb8 31.b7 Bxe5 32.Ra1 Bd6 33.Ra8 Qc7 34.Rb1 Rb8 35.Rxb8+
Qxb8 36.Ra1 Qd8 37.Ra8 Bb8 38.Qa1 1-0

[Event "Uppsala Mote"]
[Site "Uppsala"]
[Date "2015.11.21"]
[Round "4.4"]
[White "Malm Lindberg, Henrik"]
[Black "Attefall, Fredrik"]
[Result "1-0"]
[WhiteElo "2244"]
[BlackElo "2013"]

1.e4 e5 2.Nf3 Nf6 3.Nc3 Bb4 4.Nxe5 Qe7 5.Nd3 Bxc3 6.dxc3 Qxe4+ 7.Qe2 d6 8.
Bg5 Qxe2+ 9.Bxe2 Ne4 10.Be3 O-O 11.f3 Nf6 12.Bd4 Nd5 13.c4 Nb6 14.b3 Nc6 
15.Bb2 Bf5 16.O-O-O Rfe8 17.Rhe1 Re7 18.Bf1 Rae8 19.Rxe7 Rxe7 20.c5 Nc8 
21.Ba3 Bxd3 22.Bxd3 dxc5 23.Bxc5 Nd6 24.Be4 Re6 25.Bxc6 bxc6 26.Bxa7 f6 
27.Bb8 Nb5 28.a4 Re8 29.axb5 Rxb8 30.bxc6 Rb6 31.Rd8+ Kf7 32.Rd5 1-0

[Event "Uppsala Mote"]
[Site "Uppsala"]
[Date "2015.11.21"]
[Round "4.5"]
[White "Svorono, Gabriel"]
[Black "Lokander, Martin"]
[Result "0-1"]
[WhiteElo "2010"]
[BlackElo "2358"]

1.e4 e5 2.Nf3 Nc6 3.Bb5 a6 4.Ba4 f5 5.d3 Nf6 6.Nc3 Bb4 7.O-O Bxc3 8.bxc3 
fxe4 9.dxe4 d6 10.Bb3 Qe7 11.Qd3 Be6 0-1

[Event "Uppsala Mote"]
[Site "Uppsala"]
[Date "2015.11.21"]
[Round "4.6"]
[White "Marklund, Gunnar"]
[Black "Livner, Anders"]
[Result "0-1"]
[WhiteElo "1985"]
[BlackElo "2322"]

1.e4 c6 2.d4 d5 3.Bd3 dxe4 4.Bxe4 Nf6 5.Bf3 Bf5 6.Ne2 e6 7.O-O Nbd7 8.Ng3 
Bg6 9.Nc3 Qc7 10.Re1 Be7 11.Nce2 Bd6 12.c3 O-O 13.Bg5 h6 14.Bxf6 Nxf6 15.
Nc1 Rad8 16.Qe2 c5 17.dxc5 Bxc5 18.Ne4 Bxe4 19.Bxe4 Nxe4 20.Qxe4 Rd2 21.
Nd3 Rd8 22.Nxc5 Qxc5 23.Re2 Rd1+ 24.Rxd1 Rxd1+ 25.Re1 Rd2 26.Re2 Qf5 27.f3
Qxe4 28.Rxe4 Rxb2 29.Rb4 Rxb4 30.cxb4 Kf8 31.Kf2 Ke7 32.Ke3 Kd6 33.Kd4 e5+
34.Kc4 f5 35.a3 g5 36.g4 e4 37.fxe4 fxg4 38.Kd4 h5 39.Kd3 Ke5 40.Ke3 h4 
41.b5 g3 42.h3 g4 43.hxg4 h3 44.Kf3 g2 0-1